Оценка качества водопроводной воды города Томска; Проблемы геологии и освоения недр; Т. 1

Bibliografske podrobnosti
Parent link:Проблемы геологии и освоения недр: труды XX Международного симпозиума имени академика М. А. Усова студентов и молодых ученых, посвященного 120-летию со дня основания Томского политехнического университета, Томск, 4-8 апреля 2016 г./ Национальный исследовательский Томский политехнический университет (ТПУ), Институт природных ресурсов (ИПР) ; Общество инженеров-нефтяников, международная некоммерческая организация, Студенческий чаптер ; под ред. А. Ю. Дмитриева.— , 2016
Т. 1.— 2016.— [С. 632-634]
Glavni avtor: Волженина А. Ю.
Korporativna značnica: Национальный исследовательский Томский политехнический университет (ТПУ) Институт природных ресурсов (ИПР) Кафедра гидрогеологии, инженерной геологии и гидрогеоэкологии (ГИГЭ)
Drugi avtorji: Наливайко Н. Г. Нина Григорьевна (научный руководитель)
Izvleček:Заглавие с экрана
Jezik:ruščina
Izdano: 2016
Serija:Гидрогеохимия и гидрогеоэкология Земли. Геоинформационные системыв гидрогеоэкологии
Teme:
Online dostop:http://earchive.tpu.ru/handle/11683/31748
Format: Elektronski Book Chapter
KOHA link:https://koha.lib.tpu.ru/cgi-bin/koha/opac-detail.pl?biblionumber=619587

MARC

LEADER 00000naa2a2200000 4500
001 619587
005 20231101133052.0
035 |a (RuTPU)RU\TPU\conf\18023 
035 |a RU\TPU\conf\18018 
090 |a 619587 
100 |a 20160824d2016 k y0rusy50 ca 
101 0 |a rus 
102 |a RU 
105 |a y z 100zy 
135 |a drgn ---uucaa 
181 0 |a i  
182 0 |a b 
200 1 |a Оценка качества водопроводной воды города Томска  |f А. Ю. Волженина  |g науч. рук. Н. Г. Наливайко 
203 |a Текст  |c электронный 
225 1 |a Гидрогеохимия и гидрогеоэкология Земли. Геоинформационные системыв гидрогеоэкологии 
230 |a 1 компьютерный файл (pdf; 311 Kb) 
300 |a Заглавие с экрана 
320 |a [Библиогр.: с. 634 (3 назв.)] 
461 1 |0 (RuTPU)RU\TPU\conf\17456  |t Проблемы геологии и освоения недр  |o труды XX Международного симпозиума имени академика М. А. Усова студентов и молодых ученых, посвященного 120-летию со дня основания Томского политехнического университета, Томск, 4-8 апреля 2016 г.  |o в 2 т.  |f Национальный исследовательский Томский политехнический университет (ТПУ), Институт природных ресурсов (ИПР) ; Общество инженеров-нефтяников, международная некоммерческая организация, Студенческий чаптер ; под ред. А. Ю. Дмитриева  |d 2016 
463 1 |0 (RuTPU)RU\TPU\conf\17457  |t Т. 1  |v [С. 632-634]  |d 2016 
610 1 |a труды учёных ТПУ 
610 1 |a электронный ресурс 
610 1 |a оценка качества 
610 1 |a водопроводная вода 
610 1 |a Томск 
610 1 |a химический состав 
610 1 |a микробиологический состав 
610 1 |a питьевая вода 
610 1 |a водопроводящие сооружения 
610 1 |a железобактерии 
700 1 |a Волженина  |b А. Ю. 
702 1 |a Наливайко  |b Н. Г.  |c гидрогеолог  |c доцент Томского политехнического университета, кандидат геолого-минералогических наук  |f 1946-  |g Нина Григорьевна  |2 stltpush  |4 727 
712 0 2 |a Национальный исследовательский Томский политехнический университет (ТПУ)  |b Институт природных ресурсов (ИПР)  |b Кафедра гидрогеологии, инженерной геологии и гидрогеоэкологии (ГИГЭ)  |h 100  |2 stltpush  |3 (RuTPU)RU\TPU\col\18664 
801 2 |a RU  |b 63413507  |c 20160930  |g RCR 
856 4 |u http://earchive.tpu.ru/handle/11683/31748 
942 |c BK